000 00837nam a2200193Ii 4500
003 JO-AjNU
008 230605s9999||||xx |||||||||||||| ||und||
040 _aJO-AjNU
_bara
_erda
_cJO-AjNU
041 _aara
050 1 4 _aBP1064.H58 2009
100 3 _aالهيتي، قيصر عبد الكريم,
_eauthor
_951189
245 0 0 _aأساليب الإستثمار الإسلامي وأثرها على الأسواق المالية: البورصات
264 3 1 _aدمشق: دار ومؤسسة رسلان، 2009
300 _a332ص
_bيتضمن على ببليوغرافيا من ص 305-325
336 _atext
_btxt
_2rdacontent
337 _aunmediated
_bn
_2rdamedia
338 _avolume
_bnc
_2rdacarrier
650 4 _aالاقتصاد الاسلامي - الاسلام والاستثمار - البورصات - فقة اسلامي
_951190
999 _aA22595
_c26163
_d26163